Normal view
MARC view
- Mathematics/ computer science/ physical sciences/ and engineering. Knowledge of calculus is assumed.
Entry Topical Term
001 - CONTROL NUMBER
- control field: 721
003 - CONTROL NUMBER IDENTIFIER
- control field: NUST
005 - DATE AND TIME OF LATEST TRANSACTION
- control field: 20170515121530.0
008 - FIXED-LENGTH DATA ELEMENTS
- fixed length control field: 170515|| aca||aabn | a|a d
040 ## - CATALOGING SOURCE
- Original cataloging agency: NUST
- Transcribing agency: NUST
150 ## - HEADING--TOPICAL TERM
- Topical term or geographic name entry element: Mathematics/ computer science/ physical sciences/ and engineering. Knowledge of calculus is assumed.
670 ## - SOURCE DATA FOUND
- Source citation: Work cat.: (NUST)23985: METHEWS, JOHN H. 720, Numerical Methods Using MATLAB , c 2004
